Art of gold (Record no. 78667)

MARC details
000 -LEADER
fixed length control field 00919cab a22001935a 4500
001 - CONTROL NUMBER
control field L137591
008 - FIXED-LENGTH DATA ELEMENTS--GENERAL INFORMATION
fixed length control field 070417s2007 xxk f 000 0 eng d
035 ## - SYSTEM CONTROL NUMBER
System control number (Sirsi) u137591
041 0# - LANGUAGE CODE
Language code of text/sound track or separate title eng
100 1# - MAIN ENTRY--PERSONAL NAME
Personal name Smith, Kristina
245 00 - TITLE STATEMENT
Title Art of gold
260 ## - PUBLICATION, DISTRIBUTION, ETC.
Date of publication, distribution, etc. 2007
490 #0 - SERIES STATEMENT
Series statement Construction Manager
Volume/sequential designation April 2007, 23-24(2)
520 ## - SUMMARY, ETC.
Summary, etc. Reports on the project to build Colchester's new art gallery, which will house Firstsite. Various technical challenges have arisen during the project, including the fact that the site is a scheduled ancient monument containing Roman ruins. The curved roof, unique glass door and gold cladding have also added to the complex nature of the project. The art gallery is due to open in April 2008. Notes the total cost as £16.5m and the construction cost as £12.6m.
590 ## - LOCAL NOTE (RLIN)
Local note KA
651 #4 - SUBJECT ADDED ENTRY--GEOGRAPHIC NAME
Geographic name United Kingdom
Chronological subdivision
690 ## - LOCAL SUBJECT ADDED ENTRY--TOPICAL TERM (OCLC, RLIN)
Topical term or geographic name as entry element BUILT ENVIRONMENT-BUILDING COSTS
942 ## - ADDED ENTRY ELEMENTS (KOHA)
Suppress in OPAC 0
Holdings
Withdrawn status Lost status Source of classification or shelving scheme Damaged status Not for loan Home library Current library Shelving location Date acquired Total Checkouts Full call number Barcode Date last seen Copy number Price effective from Koha item type
    Dewey Decimal Classification     London London Journal article 17/04/2007   L137591 137591-1001 06/08/2019 1 06/08/2019 Journal article